| 000 | 00633nam a2200241Ia 4500 | ||
|---|---|---|---|
| 005 | 20250425162133.0 | ||
| 008 | 250425s9999 xx 000 0 und d | ||
| 020 | _a013496456X | ||
| 041 | _aeng | ||
| 082 | _a621.3822 | ||
| 100 | _aZIEMER, RODGER E. | ||
| 245 | 0 | _aSIGNALS AND SYSTEMS: CONTINUOUS AND DISCRETE | |
| 250 | _a4TH ED. | ||
| 260 |
_aEstados Unidos _bPRENTICE-HALL _c1998 |
||
| 260 | _aUPPER SADDLE RIVER | ||
| 300 | _a622 | ||
| 650 | _aFILTROS DIGITALES (MATEMATICAS) | ||
| 650 | _aSEÑALES Y SISTEMAS | ||
| 700 | _aFANNIN, D. RONALD | ||
| 700 | _aTRANTER, WILLIAM H. | ||
| 942 | _c01 | ||
| 010 | _a52362 | ||
| 999 |
_c223064 _d223064 |
||